Ako neprísť o "podnikové striebro"? Prečo podniky čoraz viac potrebujú manažment poznatkov

Základné stavebné bloky – dáta a informácie v manažmente poznatkov. Explicitne a implicitne vyjadrené praktiky. Sedem úrovní poznatkov, ktoré sa líšia svojou hodnotou pre potreby podniku s možnosťou transportovať a rozširovať ich medzi zamestnancami.

Salvato in:
Dettagli Bibliografici
Autore principale: Burger, Ivan
Natura: Capitolo di libro
Lingua:slovacco
Soggetti:
Tags: Aggiungi Tag
Nessun Tag, puoi essere il primo ad aggiungerne!!

MARC

LEADER 00000naa a2200000 4500
001 0229287
005 20230105132719.1
041 0 |a slo 
044 |a SK 
245 1 0 |a Ako neprísť o "podnikové striebro"? Prečo podniky čoraz viac potrebujú manažment poznatkov  |c Ivan Burger 
520 |a Základné stavebné bloky – dáta a informácie v manažmente poznatkov. Explicitne a implicitne vyjadrené praktiky. Sedem úrovní poznatkov, ktoré sa líšia svojou hodnotou pre potreby podniku s možnosťou transportovať a rozširovať ich medzi zamestnancami. 
610 2 0 |a manažéri 
610 2 0 |a manažment znalostný 
610 2 0 |a riadenie znalostí 
610 2 0 |a riadenie zmien 
610 2 0 |a technika riadenia 
610 2 0 |a procesy podnikové 
610 2 0 |a modely riadenia 
100 1 |a Burger, Ivan